|
|
|
|
| LEADER |
00000nam0a2200000 4500 |
| 001 |
371698 |
| 005 |
20231102012414.0 |
| 035 |
|
|
|a (RuTPU)RU\TPU\retro\29108
|
| 090 |
|
|
|a 371698
|
| 100 |
|
|
|a 20221107d1978 k y0rusy50 ca
|
| 101 |
0 |
|
|a rus
|
| 102 |
|
|
|a RU
|
| 105 |
|
|
|a a z 001zy
|
| 200 |
1 |
|
|a Вопросы теории комплексного укрепления грунтов вяжущими материалами с применением лесохимических реагентов и отходов промышленности
|e монография
|f Н. С. Колбас
|
| 210 |
|
|
|a Ленинград
|c Изд-во Ленинградского ун-та
|d 1978
|
| 215 |
|
|
|a 184 с.
|c ил.
|
| 320 |
|
|
|a Библиогр.: с. 174-181
|
| 606 |
1 |
|
|a Грунты
|x Закрепление химическое
|2 stltpush
|3 (RuTPU)RU\TPU\subj\8754
|9 36094
|
| 610 |
1 |
|
|a укрепление
|
| 610 |
1 |
|
|a дорожное строительство
|
| 610 |
1 |
|
|a СССР
|
| 610 |
1 |
|
|a Северо-Западная часть
|
| 610 |
1 |
|
|a лесная зона
|
| 610 |
1 |
|
|a лесохимические реагенты
|
| 610 |
1 |
|
|a промышленные отходы
|
| 610 |
1 |
|
|a материалы
|
| 610 |
1 |
|
|a укрепленные грунты
|
| 610 |
1 |
|
|a технико-экономическое обоснование
|
| 610 |
1 |
|
|a монографии
|
| 675 |
|
|
|a 624.138.4
|v 4
|
| 700 |
|
1 |
|a Колбас
|b Н. С.
|g Николай Сергеевич
|
| 801 |
|
1 |
|a RU
|b 63413507
|c 20221107
|
| 942 |
|
|
|c BK
|